Curso de redacción técnica: Recomendaciones de la UNESCO sobre compendios

Zapisane w:
Opis bibliograficzny
1. autor: Gorbitz, Adalberto
Format: Texto
Wydane: Turrialba :
Etykiety: Dodaj etykietę
Nie ma etykietki, Dołącz pierwszą etykiete!

MARC

LEADER 00000 a a2200000 04500
001 17035
003
040
090 |a 008200  
100 |a Gorbitz, Adalberto  
245 |a Curso de redacción técnica: Recomendaciones de la UNESCO sobre compendios  
260 |a Turrialba :  
300 |a 2 p.  
999 |c 1384  |d 1384